000 02012 a2200229 4500
003 Nust
005 20221018110329.0
010 _a 2005283339
020 _a0750665750 (pbk.)
040 _cNust
082 0 0 _a620.00151,BIR
100 1 _aBird, J. O.
_944903
245 1 0 _aBasic engineering mathematics /
_cJohn Bird.
250 _a4th ed.
260 _aAmsterdam ;
_aBoston :
_bNewnes,
_c2005.
300 _ax, 288 p. :
_bill. ;
_c25 cm.
505 _a Basic Arithmetic (Page-1), Fractions, Decimals and Percentages (Page-6), Indices, Standard Data form and Engineering Notation (Page-14), Calculation and Evaluation of Formulae (Page-21), Computer Numbering Sys (Page-30), Algebra (Page-37), Simple Equations (Page-47), Transportation of Formulae (Page-54), Simultaneous Equations (Page-60), Quadratic Equations (Page-69), Inequalities (Page-77), Straight Line Graphs (Page-83), Graphical Solution of Equations (Page-94), Logarithms (Page-103), Exponential Functions (Page-107), Reduction of Non-Linear Laws to Linear Form (Page-117), Graphs with Logarithmic Scales (Page-124), Geometry and Triangles (Page-131), Introduction to Trigonometry (Page-142), Trigonometric Waveforms (Page-151), Cartesian and Polar Coordinate (Page-162), Areas of Plane Figures (Page-166), The Circle (Page-174), Volumes of Common Solids (Page-180), Irregular Areas and Volumes and Mean Values of Waveforms (Page-191), Triangles and some Practical Applications (Page-198), Vectors (Page-207), Adding of Waveforms (Page-214), Number Sequences (Page-218), Presentation of Statistical Data (Page-226), Measures of Central Tendency and Dispersion (Page-235), Probability (Page-241), Introduction to Differentiation (Page-247), Introduction to Integration (Page-257).
650 0 _aEngineering mathematics.
856 4 2 _3Publisher description
_uhttp://www.loc.gov/catdir/enhancements/fy0627/2005283339-d.html
856 4 2 _3Table of contents only
_uhttp://www.loc.gov/catdir/enhancements/fy0627/2005283339-t.html
942 _2ddc
_cBK
999 _c182265
_d182265